Theatre: (Record no. 5121)
[ view plain ]
| 000 -LEADER | |
|---|---|
| fixed length control field | 00898cam a2200253 a 4500 |
| 001 - CONTROL NUMBER | |
| control field | 2618127 |
| 005 - DATE AND TIME OF LATEST TRANSACTION | |
| control field | 20161011142614.0 |
| 008 - FIXED-LENGTH DATA ELEMENTS--GENERAL INFORMATION | |
| fixed length control field | 981209s2000 caua b 001 0 eng |
| 010 ## - LIBRARY OF CONGRESS CONTROL NUMBER | |
| LC control number | 98052451 |
| 020 ## - INTERNATIONAL STANDARD BOOK NUMBER | |
| International Standard Book Number | 0767404947 |
| 040 ## - CATALOGING SOURCE | |
| Original cataloging agency | DLC |
| Transcribing agency | DLC |
| Modifying agency | DLC |
| 050 00 - LIBRARY OF CONGRESS CALL NUMBER | |
| Classification number | PN2101 |
| Item number | .C632 2000 |
| 082 00 - DEWEY DECIMAL CLASSIFICATION NUMBER | |
| Classification number | DC 792 |
| Edition number | 2000 |
| Item number | C66 |
| 100 ## - MAIN ENTRY--PERSONAL NAME | |
| Personal name | Cohen, Robert |
| Dates associated with a name | 1938- |
| 9 (RLIN) | 15942 |
| 245 10 - TITLE STATEMENT | |
| Title | Theatre: |
| Remainder of title | brief version/ |
| Statement of responsibility, etc. | Robert Cohen. |
| 250 ## - EDITION STATEMENT | |
| Edition statement | 5th edition |
| 260 ## - PUBLICATION, DISTRIBUTION, ETC. (IMPRINT) | |
| Place of publication, distribution, etc. | Mountain View, CA: |
| Name of publisher, distributor, etc. | Mayfield Pub., |
| Date of publication, distribution, etc. | c2000. |
| 300 ## - PHYSICAL DESCRIPTION | |
| Extent | xv, 346 + various paging: |
| Other physical details | color illustrations; |
| Dimensions | 23 cm. |
| 504 ## - BIBLIOGRAPHY, ETC. NOTE | |
| Bibliography, etc | Includes appendix, glossary and index. |
| 650 #0 - SUBJECT ADDED ENTRY--TOPICAL TERM | |
| Topical term or geographic name as entry element | Theater. |
| 906 ## - LOCAL DATA ELEMENT F, LDF (RLIN) | |
| a | 7 |
| b | cbc |
| c | orignew |
| d | 1 |
| e | ocip |
| f | 19 |
| g | y-gencatlg |
| 942 ## - ADDED ENTRY ELEMENTS (KOHA) | |
| Source of classification or shelving scheme | Dewey Decimal Classification |
| Koha item type | Circulation |
| Withdrawn status | Lost status | Source of classification or shelving scheme | Damaged status | Not for loan | Collection code | Home library | Current library | Date acquired | Total Checkouts | Full call number | Barcode | Date last seen | Copy number | Price effective from | Koha item type | Source of acquisition |
|---|---|---|---|---|---|---|---|---|---|---|---|---|---|---|---|---|
| Dewey Decimal Classification | Circulation | UM Digos College - LIC | UM Digos College - LIC | 09/15/2003 | DC 792 C66 2000 | 15860 | 05/15/2025 | 2 | 10/11/2016 | Circulation | ||||||
| Dewey Decimal Classification | Circulation | UM Digos College - LIC | UM Digos College - LIC | 09/15/2003 | DC 792 C66 2000 | 15859 | 05/15/2025 | 1 | 12/03/2016 | Circulation | Donated |
